000 01075nam a22003137a 4500
001 0011621
003 DO-SdBNP
005 20220527135227.0
007 0011621
008 161011b1991 spa||| 00| 0 spa d
040 _aBPMSU
_bspa
_cBPMSU
082 4 _aR91
_bK321a 1991
_222
100 1 _aKemp, Richard
245 1 0 _aAtlas visuales del mundo /
_ctextos Richard Kemp ; ilustración Brian Delf ; traducción Juan Santisteban
260 _aBarcelona :
_bDorling Kindersley,
_bEl Periódico,
_c1991.
300 _a80,63,64 p. :
_bil. ; mapas ;
_c36 cm.
490 0 _aLos grandes atlas visuales
500 _aLa biblioteca posee v.1
505 0 _gv.1.
_tEl Mundo -- El Cuerpo -- El Espacio
505 0 _gv. 2. :
_t Animales-- Oceanos -- El Mundo Antiguo -- La Tierra
650 4 _aAtlas
650 4 _aCuerpo humano
_vAtlas
650 4 _aEspacio exterior
_vAtlas
700 1 _aDelf, Brian,
_eilustraciones
700 1 _aSantisteban, Juan,
_etraductor
710 2 _aDorlingkindersley
910 _aVMateo V. /Validado. Control de calidad MFF
942 _2ddc
_cBK
999 _c11562
_d11562